[Event "AUTO-OPEN-4559"]
[Site "http://www.queenalice.com/game.php?id=1846965"]
[Date "2024.11.10"]
[Round "1"]
[White "maurice916"]
[Black "chessman"]
[Result "0-1"]
[WhiteElo "1843"]
[BlackElo "1949"]

1. Nf3 d5 2. b3 e6 3. Bb2 Nf6 4. e3 Be7 5. Be2 O-O 6. O-O a6 7. c4 c6 8. d4 Re8
9. Re1 Nbd7 10. Nbd2 h6 11. Bf1 Nf8 12. Rc1 N6d7 13. a3 Ng6 14. e4 dxe4 15. Nxe4
Nf6 16. Ng3 Qc7 17. Qc2 c5 18. Ne5 Nf8 19. f4 cxd4 20. Bxd4 Bxa3 21. Rb1 Bc5 22.
Bxc5 Qxc5+ 23. Kh1 b5 24. Red1 Bb7 25. b4 Qe7 26. c5 Bd5 27. Qf2 Qb7 28. Rbc1
Ne4 29. Nxe4 Bxe4 30. c6 Qc7 31. Bd3 Bxd3 32. Rxd3 Red8 33. Rcd1 f6 34. Rxd8
Rxd8 35. Rxd8 Qxd8 36. Nf3 Qc7 37. Qc5 Kf7 38. Nd4 Ng6 39. g3 Ne7 40. Kg2 e5 41.
fxe5 fxe5 42. Nf3 Qxc6 43. Qxe5 Qc2+ 44. Kh3 Qf5+ 45. Qxf5+ Nxf5 46. Ne1 Ne7 47.
Kg4 Nc6 48. Nd3 Kf6 49. Kf4 a5 50. bxa5 Nxa5 51. Ke4 Kg5 52. h3 Nc4 53. Kd4 h5
54. Kc5 Ne3 55. Nf2 Nf1 56. g4 h4 57. Kxb5 Kf4 58. Nd3+ Kg3 59. g5 Kxh3 60. g6
Kg4 61. Kc5 Kg5 62. Ne5 Kf5 63. Kd5 h3 64. Nf3 Kxg6 65. Ke4 h2 66. Nxh2 Nxh2 67.
Kf4 Kf6 68. Kg3 Nf1+ 69. Kg2 Nd2 70. Kg3 Kg5 71. Kh3 g6 72. Kg3 Kf5 73. Kf2 Kg4
74. Kg2 g5 75. Kg1 Kg3 76. Kh1 Kf2 77. Kh2 g4 0-1

[Event "AUTO-OPEN-4559"]
[Site "http://www.queenalice.com/game.php?id=1846966"]
[Date "2024.11.10"]
[Round "1"]
[White "chessman"]
[Black "maurice916"]
[Result "1/2-1/2"]
[WhiteElo "1988"]
[BlackElo "1863"]

1. e4 c6 2. d4 d5 3. e5 c5 4. c3 Nc6 5. f4 h5 6. Nf3 Bf5 7. Bd3 Bxd3 8. Qxd3 e6
9. O-O Nh6 10. a3 Be7 11. Nbd2 O-O 12. h3 g6 13. Re1 Rc8 14. Nf1 Kg7 15. Ne3 Qd7
16. g4 hxg4 17. hxg4 Rh8 18. Re2 Rcf8 19. g5 Nf5 20. Nxf5+ gxf5 21. Rh2 c4 22.
Qf1 Rxh2 23. Nxh2 Rh8 24. Be3 Qe8 25. Qg2 Rh5 26. Kf2 Qh8 27. Nf3 Kg6 28. Rg1 a6
29. Qg3 Rh3 30. Qg2 Na5 31. Kf1 Qh5 32. Ne1 Nb3 1/2-1/2

[Event "AUTO-OPEN-4559"]
[Site "http://www.queenalice.com/game.php?id=1846968"]
[Date "2024.11.10"]
[Round "1"]
[White "josekasparov"]
[Black "maurice916"]
[Result "1-0"]
[WhiteElo "2536"]
[BlackElo "1845"]

1. e4 c6 2. d4 d5 3. f3 dxe4 4. fxe4 Nf6 5. Nc3 e6 6. Nf3 Bb4 7. Bd3 b5 8. O-O
Bb7 9. e5 Nd5 10. Nxd5 exd5 11. Ng5 O-O 12. Bxh7+ Kh8 13. Qh5 Qxg5 14. Bxg5 Nd7
15. Bf5+ 1-0

[Event "AUTO-OPEN-4559"]
[Site "http://www.queenalice.com/game.php?id=1846969"]
[Date "2024.11.10"]
[Round "1"]
[White "maurice916"]
[Black "game"]
[Result "1-0"]
[WhiteElo "1867"]
[BlackElo "1536"]

1. Nf3 d5 2. b3 Nf6 3. Bb2 e6 4. e3 Rg8 5. c4 Ne4 6. d3 Nc5 7. Be2 dxc4 8. bxc4
Nc6 9. O-O Nb4 10. d4 Ne4 11. a3 Nc6 12. Nbd2 f5 13. Ne1 g5 14. Nd3 g4 15. Nf4
Bg7 16. Nxe4 fxe4 17. Bxg4 e5 18. Ne6 Bxe6 19. Bxe6 Rf8 20. d5 Na5 21. Qc2 Qd6
22. Qxe4 Nb3 23. Rad1 Qb6 24. Bxe5 Nc5 25. Qd4 Bh6 26. Bg3 Nxe6 27. Qxb6 axb6
28. dxe6 Ke7 29. Bxc7 Kxe6 30. Bxb6 Bg5 31. f4 Be7 32. c5 Rac8 33. Rc1 Ra8 34.
c6 bxc6 35. Rxc6+ Bd6 36. Bc5 Rfd8 37. Bxd6 Kd5 38. Rb6 Rxd6 39. Rd1+ Ke4 40.
Rbxd6 Rxa3 41. Re1 Ra5 42. Re2 1-0

[Event "AUTO-OPEN-4559"]
[Site "http://www.queenalice.com/game.php?id=1846970"]
[Date "2024.11.10"]
[Round "1"]
[White "game"]
[Black "maurice916"]
[Result "0-1"]
[WhiteElo "1539"]
[BlackElo "1864"]

1. e4 c6 2. Nf3 d5 3. Nc3 dxe4 4. Nxe4 Nf6 5. d3 Bg4 6. Be2 e6 7. Nxf6+ Qxf6 8.
O-O Bd6 9. Bg5 Qxb2 10. Rb1 Qxa2 11. d4 Qa5 12. Rxb7 Bxf3 13. Bxf3 Qxg5 14.
Bxc6+ Nxc6 15. d5 Nd8 16. Rb5 O-O 17. dxe6 Bxh2+ 18. Kxh2 Qxb5 19. e7 Qe5+ 20.
f4 Qxe7 21. Re1 Qh4+ 22. Kg1 Qxf4 23. Rf1 Qa4 24. Rf2 Ne6 25. g3 Rad8 26. Qh5
Qa1+ 27. Kg2 Qc3 28. g4 Qc6+ 29. Kg3 Qd6+ 30. Kf3 Qd5+ 31. Qxd5 Rxd5 32. Ke4
Rd4+ 33. Ke5 Rxg4 34. Kd5 Rd8+ 0-1

[Event "Challenge"]
[Site "http://www.queenalice.com/game.php?id=1847048"]
[Date "2024.11.11"]
[Round "-"]
[White "maurice916"]
[Black "marcomasa"]
[Result "1-0"]
[WhiteElo "1868"]
[BlackElo "2095"]

1. Nf3 Nc6 2. d4 d5 3. Bf4 Bf5 4. c3 Nf6 5. e3 a6 6. Nbd2 e6 7. Rc1 Bd6 8. Be2
Bxf4 9. exf4 h6 10. h3 Qe7 11. c4 Qd7 12. Nb3 b6 13. O-O O-O 14. a3 a5 15. cxd5
Nxd5 16. Bb5 Nde7 17. Ne5 Qd6 18. Nxc6 Nxc6 19. Bxc6 Ra7 20. Qf3 a4 21. Nd2 Qxd4
22. Nc4 Qf6 23. Ne5 Qe7 24. Rfd1 Rd8 25. Rxd8+ Qxd8 26. Rd1 Qe7 27. Rd4 Qc5 28.
Rd8+ Kh7 29. Kh2 f6 30. Nf7 g6 31. Rd7 e5 32. Rd8 e4 33. Bxe4 Bxe4 34. Qxe4 Qxf2
35. Rd7 Qc5 36. Ng5+ Kg8 37. Rd8+ Qf8 38. Rxf8+ Kxf8 39. Ne6+ Kf7 40. Nd8+ Kf8
41. Qxg6 c5 42. Qxf6+ Kg8 43. Qxh6 b5 44. Qe6+ Kf8 45. Qb6 Rd7 46. Ne6+ Kg8 47.
Qxb5 Rd2 48. Qxc5 Rxb2 49. Qf8+ Kh7 50. Qg7# 1-0

[Event "AUTO-ADV-4825"]
[Site "http://www.queenalice.com/game.php?id=1847137"]
[Date "2024.11.13"]
[Round "1"]
[White "dimitridruloza2012"]
[Black "maurice916"]
[Result "1-0"]
[WhiteElo "1737"]
[BlackElo "1893"]

1. g3 c6 2. Bg2 Nf6 3. b3 e5 4. Bb2 d6 5. Nf3 Bg4 6. Nh4 g5 7. Nf3 h6 8. Nc3 Bg7
9. h3 Be6 10. d3 Na6 11. Qd2 Nc7 12. Na4 b5 13. Nc3 a5 14. Nh2 Qd7 15. Ne4 a4
16. Nc3 a3 17. Bc1 Ra7 18. Qe3 c5 19. b4 Na6 20. Bxa3 cxb4 21. Nxb5 Ra8 22. Bxa8
Qxb5 23. Qf3 bxa3 24. Bc6+ Bd7 25. Bxb5 Bxb5 26. Qa8+ Ke7 27. Qb7+ Nd7 28. Qxb5
Nab8 29. Qb7 e4 30. Qxe4+ Kd8 31. Rb1 Re8 32. Qh7 Bf8 33. Qxf7 Nc6 34. Rb7 Re7
35. Qd5 Nce5 36. Qa5+ Ke8 37. Qxa3 Re6 38. d4 Nc4 39. Qa8+ Ke7 40. Qc8 Nb6 41.
Qc7 Kf6 42. Rxb6 Nxb6 43. Qxb6 Be7 44. e3 d5 45. Qb7 Rd6 46. Ng4+ Kg7 47. Qxe7+
1-0

[Event "AUTO-ADV-4825"]
[Site "http://www.queenalice.com/game.php?id=1847138"]
[Date "2024.11.13"]
[Round "1"]
[White "maurice916"]
[Black "dimitridruloza2012"]
[Result "0-1"]
[WhiteElo "1871"]
[BlackElo "1759"]

1. Nf3 b6 2. b3 Bb7 3. Bb2 f6 4. d4 g6 5. Nbd2 Bg7 6. e4 Nh6 7. Be2 Nc6 8. c3 d6
9. Qc2 Qd7 10. Bb5 a6 11. Be2 Ng4 12. h3 Nh6 13. c4 Nb4 14. Qc1 f5 15. a3 fxe4
16. axb4 exf3 17. Nxf3 O-O-O 18. b5 a5 19. b4 Nf5 20. bxa5 c5 21. d5 Kc7 22. a6
Ba8 23. Ng5 Qe8 24. Ne6+ Kd7 25. Nxd8 Kxd8 26. Bxg7 Nxg7 27. Bf3 Nf5 28. O-O Nd4
29. Bg4 h5 30. Bd1 Rf8 31. Qg5 Rf5 32. Qg3 Qf7 33. Bf3 Qf6 34. Ra3 Nc2 35. Ra2
Nd4 36. Bd1 Rg5 37. Qh2 Re5 38. f4 Re4 39. g3 Nf5 40. Rc2 Qd4+ 41. Kh1 Re3 42.
Bf3 Qd3 43. Rff2 Rxf3 44. Rxf3 Qxf3+ 45. Qg2 Qd1+ 46. Kh2 Ne3 47. Rd2 Nf1+ 48.
Qxf1 Qxf1 49. Rc2 Qd3 0-1

[Event "AUTO-ADV-4825"]
[Site "http://www.queenalice.com/game.php?id=1847145"]
[Date "2024.11.13"]
[Round "1"]
[White "Mikalus"]
[Black "maurice916"]
[Result "1/2-1/2"]
[WhiteElo "1888"]
[BlackElo "1823"]

1. d4 d5 2. e3 Nf6 3. Nf3 Bg4 4. Be2 e6 5. b3 c5 6. Bb2 cxd4 7. Nxd4 Bxe2 8.
Qxe2 Nc6 9. Nd2 Be7 10. O-O Rc8 11. c4 O-O 12. Rfc1 Nxd4 13. Bxd4 dxc4 14. Nxc4
b6 15. a4 Nd5 16. Ne5 Bf6 17. e4 Nf4 18. Qe3 Bxe5 19. Bxe5 Ng6 20. Rd1 Qh4 21.
Bg3 Qh5 22. f3 Qa5 23. Rab1 Rfd8 24. Qe2 Nf8 25. Rd3 Rxd3 26. Qxd3 Rc3 27. Qd1
h6 28. Be1 Qc5+ 29. Bf2 Qc7 30. Bg3 e5 31. Be1 Rc2 32. Bd2 Rc6 33. Rc1 Ne6 34.
Rxc6 Qxc6 35. h3 Qc5+ 36. Kh2 Nd4 37. b4 Qc8 38. Be3 Ne6 39. Qb3 Qc7 40. g3
1/2-1/2

[Event "AUTO-ADV-4825"]
[Site "http://www.queenalice.com/game.php?id=1847146"]
[Date "2024.11.13"]
[Round "1"]
[White "maurice916"]
[Black "Mikalus"]
[Result "0-1"]
[WhiteElo "1838"]
[BlackElo "1873"]

1. Nf3 d5 2. b3 e6 3. Bb2 Nf6 4. e3 b6 5. c4 Bb7 6. cxd5 Bxd5 7. Nc3 Bb7 8. d3
c5 9. Be2 Nc6 10. O-O Be7 11. a3 O-O 12. Qc2 a6 13. Rad1 b5 14. Na2 Rc8 15. Qb1
Qc7 16. Rc1 Na5 17. b4 Nb3 18. Rc3 Bxf3 19. Bxf3 Nd2 20. Qd1 Nxf1 21. Qxf1 Qb6
22. bxc5 Rxc5 23. Rxc5 Qxc5 24. Bd4 Qxa3 25. Nc3 b4 26. Ne2 Qxd3 27. Qa1 b3 28.
Nf4 Qc2 29. Bd1 Qa2 30. Nd3 Qxa1 31. Bxa1 Rb8 32. Bb2 a5 33. Bxb3 Rxb3 34. Kf1
Rxd3 35. Ke2 Rb3 36. Bd4 a4 0-1

[Event "Challenge"]
[Site "http://www.queenalice.com/game.php?id=1847254"]
[Date "2024.11.15"]
[Round "-"]
[White "marcomasa"]
[Black "maurice916"]
[Result "0-1"]
[WhiteElo "2074"]
[BlackElo "1854"]

1. e4 c6 2. Bc4 d5 3. exd5 cxd5 4. Bb3 Nf6 5. d3 Bg4 6. Nf3 e6 7. h3 Bh5 8. g4
Bg6 9. Qe2 Bd6 10. Nc3 h6 11. Bd2 Nc6 12. Nxd5 O-O 13. Nc3 Na5 14. O-O-O Nxb3+
15. cxb3 Rc8 16. Rdg1 Bb4 17. h4 Bxd3 18. Qe5 Be4 19. Rd1 Bxf3 20. Bxh6 Bxd1 21.
Rxd1 Qe7 22. Qg5 g6 23. Bxf8 Kxf8 24. Qh6+ Kg8 25. f3 Nd5 26. g5 Nxc3 27. bxc3
Bxc3 28. Kb1 Bg7 29. Qxg7+ Kxg7 30. f4 Qb4 31. Rf1 Qe4+ 32. Ka1 Qe2 33. Rh1 Qf3
34. Rg1 Qxf4 35. Rh1 Rc1+ 36. Kb2 Rxh1 37. Ka3 a5 38. h5 Qb4+ 39. Kb2 Rxh5 40.
Kc2 a4 41. bxa4 Rxg5 42. a3 Qxa4+ 43. Kd2 Rg3 44. Ke2 Qc2+ 45. Ke1 Rg1# 0-1

[Event "AUTO-ADV-4826"]
[Site "http://www.queenalice.com/game.php?id=1847308"]
[Date "2024.11.18"]
[Round "1"]
[White "SGF"]
[Black "maurice916"]
[Result "0-1"]
[WhiteElo "1778"]
[BlackElo "1824"]

1. e4 c6 2. Qf3 d6 3. Bc4 e6 4. Ne2 d5 5. exd5 cxd5 6. Bb5+ Bd7 7. Nec3 Nf6 8.
d3 Nc6 9. Bg5 Be7 10. Bxf6 Bxf6 11. h4 O-O 12. h5 Nd4 13. Qg3 Nxc2+ 14. Kd2 Nxa1
15. Na3 Bxc3+ 16. Kxc3 Qf6+ 17. d4 Bxb5 18. Nxb5 Rac8+ 19. Kd3 Nc2 20. Nc7 Rxc7
21. Qxc7 Qxf2 22. Qxc2 Qf5+ 23. Kd2 Qg5+ 24. Kd1 Qg4+ 25. Ke1 Qxd4 26. h6 Qe4+
27. Qxe4 dxe4 28. hxg7 Kxg7 29. Ke2 f5 30. Ke3 Rf7 31. b4 e5 32. g3 Rd7 33. Rh5
Rd3+ 34. Ke2 Kg6 35. g4 Ra3 36. Rxf5 Rxa2+ 37. Ke3 Ra1 38. Rxe5 Kf6 39. Rf5+ Ke6
40. Kxe4 Re1+ 41. Kd4 Rg1 42. Re5+ Kd6 43. Rg5 Kc6 44. Kc3 Rh1 45. Rc5+ Kb6 46.
Re5 a6 47. Kc4 Rc1+ 48. Kb3 Rg1 49. g5 Rg4 50. Ka4 Rh4 51. Re6+ Ka7 52. Ka5 Rd4
53. Re5 Rd1 54. Ka4 Rd7 55. Ka5 Rd1 56. Ka4 Rd2 57. Re7 Rh2 58. Rg7 Rh4 59. Rg8
Rh5 60. Rg7 Kb6 61. Rg8 Kc6 62. Ka5 Rh1 63. Rc8+ Kd7 64. Rc5 Rb1 65. Rc4 b5 66.
Rd4+ Kc6 67. Kxa6 Ra1# 0-1

[Event "AUTO-ADV-4826"]
[Site "http://www.queenalice.com/game.php?id=1847309"]
[Date "2024.11.18"]
[Round "1"]
[White "maurice916"]
[Black "SGF"]
[Result "0-1"]
[WhiteElo "1869"]
[BlackElo "1775"]

1. Nf3 f6 2. b3 a5 3. Bb2 e5 4. e4 a4 5. bxa4 Rxa4 6. Nc3 Ra7 7. d4 Bb4 8. dxe5
Nc6 9. Bd3 fxe5 10. O-O Bxc3 11. Bxc3 d6 12. Bb5 Ne7 13. Qd2 O-O 14. Rfd1 b6 15.
Bc4+ Kh8 16. Ng5 Qe8 17. Be6 Bxe6 18. Nxe6 Rf6 19. Ng5 Qf8 20. h4 h6 21. Nh3 Rg6
22. f3 Ra3 23. Kh1 b5 24. Rf1 Rg3 25. Kh2 Rg6 26. Bb2 Ra4 27. c3 b4 28. c4 Na5
29. Qc2 b3 30. axb3 Rxa1 31. Rxa1 Nac6 32. Bc3 h5 33. b4 Nd4 34. Bxd4 exd4 35.
c5 Nc6 36. b5 Nb4 37. Qc4 dxc5 38. Ng5 d3 39. Nf7+ Kh7 40. Ra7 c6 41. bxc6 Nxc6
42. Rd7 Ne5 43. Nxe5 Qf4+ 44. Kg1 Qxe5 45. Qxd3 Qg3 46. e5 Qxg2# 0-1

[Event "AUTO-ADV-4826"]
[Site "http://www.queenalice.com/game.php?id=1847326"]
[Date "2024.11.18"]
[Round "1"]
[White "maurice916"]
[Black "Charles56"]
[Result "1-0"]
[WhiteElo "1879"]
[BlackElo "1839"]

1. Nf3 Nc6 2. b3 e5 3. Bb2 f6 4. e4 Nh6 5. Nc3 Bb4 6. Qb1 d6 7. a3 Ba5 8. Be2
Bg4 9. O-O Qd7 10. Nd5 Bxf3 11. Bxf3 Bxd2 12. c4 Nd4 13. Qd3 Nxf3+ 14. gxf3 Bf4
15. Nxf4 exf4 16. Kh1 Qe6 17. Rg1 g5 18. b4 O-O-O 19. Qc3 f5 20. Rae1 fxe4 21.
Rxe4 Qf5 22. Qe1 Rhg8 23. Bd4 b6 24. c5 bxc5 25. bxc5 dxc5 26. Be5 Nf7 27. Qc3
h6 28. Qxc5 Nd6 29. Re2 a6 30. Qc6 g4 31. Qxa6+ Kd7 32. Bxd6 Rge8 33. Rxe8 Rxe8
34. Bb4 g3 35. Rd1+ 1-0

[Event "AUTO-ADV-4826"]
[Site "http://www.queenalice.com/game.php?id=1847327"]
[Date "2024.11.18"]
[Round "1"]
[White "Charles56"]
[Black "maurice916"]
[Result "0-1"]
[WhiteElo "1857"]
[BlackElo "1843"]

1. d4 Nf6 2. Nc3 c6 3. e4 e6 4. Bg5 Be7 5. Bd3 d5 6. e5 Nfd7 7. Bxe7 Qxe7 8. Nh3
c5 9. dxc5 Nxc5 10. Bb5+ Bd7 11. Qe2 a6 12. Bxd7+ Ncxd7 13. a3 Nc6 14. f4 Rc8
15. Nf2 Na5 16. Nd3 b5 17. O-O O-O 18. Rf3 f5 19. Rh3 g6 20. g4 fxg4 21. Qxg4
Rc4 22. a4 d4 23. axb5 dxc3 24. Rxa5 cxb2 25. Nxb2 Nxe5 26. Qg3 Rcxf4 27. Nd3
Nxd3 28. cxd3 Qc5+ 29. Kg2 Rf2+ 0-1

[Event "AUTO-OPEN-4560"]
[Site "http://www.queenalice.com/game.php?id=1847342"]
[Date "2024.11.18"]
[Round "1"]
[White "Givanildo"]
[Black "maurice916"]
[Result "0-1"]
[WhiteElo "1587"]
[BlackElo "1848"]

1. d4 d5 2. Bf4 c5 3. Qd2 Nc6 4. dxc5 e5 5. Bg5 f6 6. Bh4 Bxc5 7. e3 Qb6 8. b3
Nge7 9. h3 Be6 10. a4 Bd6 11. Bb5 a6 12. Be2 O-O-O 13. Bg3 Nf5 14. Bh2 Kb8 15.
a5 Qc7 16. Nf3 e4 17. Bxd6 Qxd6 18. Nd4 Nfxd4 19. Bd1 Nb5 20. O-O d4 21. exd4
Qxd4 22. Qf4+ Ne5 23. Nd2 Qxa1 24. Qxe4 Rxd2 25. Be2 Qd4 26. Qxd4 Nxd4 27. Bc4
Nxc4 28. bxc4 Bxc4 29. Rb1 Rxc2 30. g4 Rc1+ 31. Rxc1 Ne2+ 32. Kh2 Nxc1 33. f4 b5
34. axb6 a5 35. f5 a4 36. Kg3 a3 37. Kf4 a2 38. b7 a1=Q 39. h4 Qe5+ 40. Kf3 Rd8
41. h5 Rd3+ 42. Kf2 Qe2+ 43. Kg1 Rd1# 0-1

[Event "AUTO-OPEN-4560"]
[Site "http://www.queenalice.com/game.php?id=1847388"]
[Date "2024.11.18"]
[Round "1"]
[White "CCapivara"]
[Black "maurice916"]
[Result "1-0"]
[WhiteElo "2188"]
[BlackElo "1872"]

1. e4 c6 2. d4 d5 3. exd5 cxd5 4. Nf3 Nf6 5. Bd3 Nc6 6. O-O Bg4 7. c3 e6 8. Bg5
Be7 9. Nbd2 Qb6 10. Qc2 h6 11. Bh4 g5 12. Bg3 Nh5 13. Ne5 Nxg3 14. hxg3 h5 15.
Nxc6 Qxc6 16. f3 h4 17. gxh4 Rxh4 18. fxg4 Qd6 19. Nf3 Rxg4 20. Ne5 Rf4 21. Rxf4
gxf4 22. Rf1 O-O-O 23. Nxf7 Qb6 24. Nxd8 Bxd8 25. Rxf4 e5 26. Rg4 e4 27. Be2 Kb8
28. b4 Qc6 29. a4 Qf6 30. Qd2 a6 31. b5 a5 32. c4 Qd6 33. cxd5 Qxd5 34. Qf4+ Bc7
35. Qxe4 Qa2 36. Bf3 Qa1+ 37. Kf2 Kc8 38. Rg8+ 1-0

[Event "AUTO-OPEN-4560"]
[Site "http://www.queenalice.com/game.php?id=1847389"]
[Date "2024.11.18"]
[Round "1"]
[White "maurice916"]
[Black "CCapivara"]
[Result "0-1"]
[WhiteElo "1890"]
[BlackElo "2204"]

1. Nf3 d6 2. b3 e5 3. e4 Bg4 4. Be2 Nd7 5. O-O f5 6. Nc3 Ngf6 7. d3 Be7 8. Bg5
c6 9. h3 fxe4 10. Nxe4 Nxe4 11. Bxe7 Qxe7 12. dxe4 Bh5 13. Re1 O-O 14. c4 Rad8
15. Nd2 Bxe2 16. Qxe2 Nc5 17. b4 Ne6 18. f3 Nf4 19. Qf1 Qg5 20. Kh2 Rf6 21. g3
Rh6 22. gxf4 Qxf4+ 23. Kg1 Qxd2 24. Re2 Qd4+ 25. Kh2 Qxc4 26. Qg2 Rf8 27. Rf1
Rff6 28. a3 Rfg6 29. Qf2 Qe6 0-1

[Event "Challenge"]
[Site "http://www.queenalice.com/game.php?id=1847413"]
[Date "2024.11.19"]
[Round "-"]
[White "maurice916"]
[Black "marcomasa"]
[Result "0-1"]
[WhiteElo "1849"]
[BlackElo "2056"]

1. Nf3 Nc6 2. d4 d5 3. b3 Bf5 4. a3 e6 5. Bb2 Bd6 6. e3 a6 7. Bd3 Qf6 8. Nbd2 h5
9. Qe2 Nh6 10. h3 Bg6 11. Bxg6 Qxg6 12. O-O Qxc2 13. Rab1 Qg6 14. b4 Nf5 15. e4
dxe4 16. Nxe4 h4 17. Nxd6+ Nxd6 18. Nh2 O-O-O 19. Rfd1 Nf5 20. b5 Ncxd4 21. Bxd4
Nxd4 22. Qc4 Qe4 23. Re1 Nf3+ 24. Nxf3 Qxc4 25. bxa6 Qxa6 26. Ng5 Rdf8 27. Kh1
Rh5 28. Nf3 f6 29. Nd4 e5 30. Nb5 g5 31. Rec1 Rh7 32. Rc4 Rg8 33. Rbc1 Qxb5 34.
a4 Qb2 35. f3 f5 36. a5 g4 37. hxg4 h3 38. R4c2 hxg2+ 39. Kxg2 Qd4 40. a6 Qf4
41. a7 Rh2+ 42. Kg1 Qg3+ 43. Kf1 Qxf3+ 44. Ke1 Qh1# 0-1

[Event "Challenge"]
[Site "http://www.queenalice.com/game.php?id=1847548"]
[Date "2024.11.21"]
[Round "-"]
[White "marcomasa"]
[Black "maurice916"]
[Result "1-0"]
[WhiteElo "2064"]
[BlackElo "1831"]

1. e4 c6 2. Bc4 d5 3. exd5 cxd5 4. Bb3 Nf6 5. Nf3 Nc6 6. d4 Bg4 7. Be3 e6 8. h3
Bh5 9. g4 Bg6 10. Nc3 h6 11. Qe2 Bb4 12. Bd2 a5 13. a3 Bd6 14. a4 Nb4 15. Nb5
Bxc2 16. Qe3 Nd3+ 17. Kf1 Bf4 18. Qe2 Bxd2 19. Nxd2 Bxb3 20. Nxb3 Nb4 21. Rc1
O-O 22. Rg1 g5 23. Rh1 Ne4 24. Qe3 Nd6 25. Nxd6 Qxd6 26. h4 f5 27. hxg5 hxg5 28.
Qxg5+ Kf7 29. Rh7+ Ke8 30. Qg7 Nc6 31. Nc5 Rb8 32. Nxb7 Rxb7 33. Qxb7 fxg4 34.
Rxc6 Rxf2+ 35. Ke1 Qb4+ 36. Qxb4 1-0

[Event "AUTO-ADV-4827"]
[Site "http://www.queenalice.com/game.php?id=1847677"]
[Date "2024.11.24"]
[Round "1"]
[White "maurice916"]
[Black "Shizumaru_Hisame"]
[Result "1-0"]
[WhiteElo "1842"]
[BlackElo "1987"]

1. Nf3 Nc6 2. d4 d5 3. b3 f6 4. Bb2 e6 5. e3 Bd7 6. Nbd2 Bb4 7. c3 Ba5 8. Bd3
Qe7 9. Qc2 f5 10. O-O-O O-O-O 11. Nb1 Nf6 12. Ba3 Qf7 13. Ne5 Nxe5 14. dxe5 Ng4
15. b4 Bb6 16. c4 Bxe3+ 17. fxe3 Nxe3 18. Qc3 Nxd1 19. Rxd1 Ba4 20. Re1 g5 21.
c5 h5 22. b5 a6 23. Qb4 Bxb5 24. Bxb5 axb5 25. Qxb5 c6 26. Qa5 Kb8 27. Nc3 b5
28. cxb6 Qb7 29. Na4 Qa8 30. Bd6+ Rxd6 31. Qxa8+ Kxa8 32. exd6 Re8 33. Nc5 e5
34. d7 Rg8 35. Rxe5 f4 36. Re8+ 1-0

[Event "Challenge"]
[Site "http://www.queenalice.com/game.php?id=1847764"]
[Date "2024.11.25"]
[Round "-"]
[White "maurice916"]
[Black "marcomasa"]
[Result "0-1"]
[WhiteElo "1854"]
[BlackElo "2078"]

1. Nf3 Nc6 2. g3 e5 3. d3 Bc5 4. Bg2 Qf6 5. O-O d6 6. Nbd2 Bd7 7. e3 g5 8. Ne4
Qg6 9. Nxc5 dxc5 10. b3 h5 11. e4 f6 12. h3 Nh6 13. Nh2 O-O-O 14. c3 f5 15. f4
gxf4 16. gxf4 Rdg8 17. Qc2 fxe4 18. dxe4 Bxh3 19. Rf2 Ng4 20. Nxg4 hxg4 21. f5
Qh5 22. Be3 Bxg2 23. Rxg2 Qh1+ 24. Kf2 g3+ 25. Kf3 Qh5# 0-1

[Event "AUTO-OPEN-4561"]
[Site "http://www.queenalice.com/game.php?id=1847793"]
[Date "2024.11.26"]
[Round "1"]
[White "SGF"]
[Black "maurice916"]
[Result "0-1"]
[WhiteElo "1775"]
[BlackElo "1826"]

1. e4 c6 2. Qf3 d5 3. exd5 cxd5 4. Bb5+ Nc6 5. Nc3 Nf6 6. h3 e6 7. Nge2 Bd7 8.
O-O Bd6 9. a4 Bb8 10. d4 Bd6 11. g4 O-O 12. Bg5 Be7 13. h4 h6 14. Bxf6 Bxf6 15.
Kg2 a6 16. Bxc6 Bxc6 17. Qg3 Bxh4 18. Qe5 Bf6 19. Qg3 Re8 20. Rh1 e5 21. dxe5
Bxe5 22. Nf4 d4+ 23. f3 dxc3 24. bxc3 Qd2+ 25. Kh3 Bxf4 26. Qg2 Qxc3 27. Rhf1
Re3 28. a5 Rxf3+ 29. Rxf3 Bxf3 30. Qg1 Bc6+ 31. Kh4 Re8 32. Rf1 g5+ 33. Kh5 Qh3#
0-1

[Event "AUTO-OPEN-4561"]
[Site "http://www.queenalice.com/game.php?id=1847794"]
[Date "2024.11.26"]
[Round "1"]
[White "maurice916"]
[Black "SGF"]
[Result "1-0"]
[WhiteElo "1847"]
[BlackElo "1748"]

1. Nf3 f6 2. b3 e5 3. e4 a6 4. Bb2 Nc6 5. Be2 b5 6. O-O Bb7 7. c4 g5 8. h3 h5 9.
Nh2 g4 10. hxg4 h4 11. f4 h3 12. g3 Nd4 13. d3 Bc5 14. Kh1 Ra7 15. Nd2 b4 16. f5
Qa8 17. Ndf3 a5 18. Nxd4 Bxd4 19. Bxd4 exd4 20. Qe1 c5 21. Bf3 Ne7 22. e5 Bxf3+
23. Rxf3 Kf7 24. e6+ dxe6 25. Qxe6+ Kg7 26. Re1 Rh6 27. Kg1 Rb7 28. Qd6 Qc8 29.
Rxe7+ Rxe7 30. Qxe7+ Kg8 31. Rf2 Qa8 32. Qxc5 Rh7 33. Qxd4 Re7 34. Qd5+ Qxd5 35.
cxd5 Re1+ 36. Nf1 Rd1 37. Kh2 Rxd3 38. Rd2 Rxd2+ 39. Nxd2 Kf7 40. Ne4 Ke7 41.
d6+ Kd7 42. Kxh3 Kd8 43. Kh4 Ke8 44. Kh5 Kf7 45. Kh6 Kf8 46. Kg6 a4 47. Kxf6 Ke8
48. g5 a3 49. g6 Kf8 50. d7 Kg8 51. d8=Q# 1-0

[Event "AUTO-ADV-4828"]
[Site "http://www.queenalice.com/game.php?id=1847874"]
[Date "2024.11.27"]
[Round "1"]
[White "maurice916"]
[Black "Charles56"]
[Result "0-1"]
[WhiteElo "1859"]
[BlackElo "1807"]

1. Nf3 d5 2. b3 Nc6 3. Bb2 Nh6 4. e3 Bg4 5. Be2 Bxf3 6. Bxf3 e6 7. O-O f6 8. c4
dxc4 9. bxc4 Bc5 10. d4 Bb4 11. Nd2 a6 12. Nb3 O-O 13. Qc2 b6 14. Bxc6 Rb8 15.
a3 Bd6 16. e4 Bxh2+ 17. Kxh2 Qd6+ 18. f4 Qxc6 19. Rac1 Ng4+ 20. Kg1 Ne3 21. Qd3
Nxf1 22. Kxf1 e5 23. d5 Qe8 24. f5 Qe7 25. Qh3 Rf7 26. g4 g6 27. Nd2 Rd8 28. Nf3
gxf5 29. gxf5 Rg7 30. Ke2 Qd6 31. Rd1 b5 32. Rc1 b4 33. a4 a5 34. Rd1 c6 35. Nd2
cxd5 36. cxd5 Rc8 37. Qd3 Qb6 38. Qf3 Rc2 39. Bc1 b3 40. Qxb3 Qxb3 0-1